000 00357nam a22001337a 4500
008 250307b |||||||| |||| 00| 0 eng d
020 _a9783527325528
050 _aQA251
_b.B89
100 _aBuzzi-Ferrans Guido
245 _aFundamentals and Linear Algebra for Chemical Engineer
260 _aWeinheim
_bWiley-VCH
_c2010
300 _aXIII,362P
942 _cBK
999 _c2166
_d2166